Technical Report Writing Today (Record no. 5966)

MARC details
000 -LEADER
fixed length control field 00529nam a22002057a 4500
003 - CONTROL NUMBER IDENTIFIER
control field OSt
005 - DATE AND TIME OF LATEST TRANSACTION
control field 20180119144744.0
008 - FIXED-LENGTH DATA ELEMENTS--GENERAL INFORMATION
fixed length control field 180119b xxu||||| |||| 00| 0 eng d
020 ## - INTERNATIONAL STANDARD BOOK NUMBER
International Standard Book Number 9781133607380
040 ## - CATALOGING SOURCE
Transcribing agency DNLM
082 ## - DEWEY DECIMAL CLASSIFICATION NUMBER
Classification number 001.42 RIO 2014
100 ## - MAIN ENTRY--PERSONAL NAME
Personal name Riordan, Daniel G.
9 (RLIN) 12377
245 ## - TITLE STATEMENT
Title Technical Report Writing Today
250 ## - EDITION STATEMENT
Edition statement 9th ed.
260 ## - PUBLICATION, DISTRIBUTION, ETC. (IMPRINT)
Place of publication, distribution, etc. Australia; Wadsworth, 2014
300 ## - PHYSICAL DESCRIPTION
Extent xxviii,611p; col.ill: 23cm
504 ## - BIBLIOGRAPHY, ETC. NOTE
Bibliography, etc Index included
650 ## - SUBJECT ADDED ENTRY--TOPICAL TERM
Topical term or geographic name as entry element Research methods
9 (RLIN) 2296
942 ## - ADDED ENTRY ELEMENTS (KOHA)
Source of classification or shelving scheme Other/Generic Classification Scheme
Koha item type Book Bank
Holdings
Withdrawn status Lost status Source of classification or shelving scheme Damaged status Not for loan Home library Current library Date acquired Source of acquisition Inventory number Total Checkouts Full call number Barcode Date last seen Koha item type Price effective from
    Dewey Decimal Classification     MUST Main Library MUST Main Library 19/01/2018   17/40280   001.42 RIO 2014 2018-0043 19/01/2018 Book Bank  
    Dewey Decimal Classification     MUST Main Library MUST Main Library 19/01/2018   17/40281   001.42 RIO 2014 2018-0044 19/01/2018 Book Bank  
    Dewey Decimal Classification     Main Kihumuro Campus Main Kihumuro Campus 17/05/2021 Purchase 21/41416   001.42 RIO 2014 2021-0538 17/05/2021 Book Bank 17/05/2021